| 000 | 00555nam a2200229Ia 4500 | ||
|---|---|---|---|
| 003 | 0100 | ||
| 008 | 130303s9999 xx 000 0 und d | ||
| 020 | _a0802078516 | ||
| 040 | _cARRUPELIB | ||
| 050 | _aBD161.L6513F55 1997 | ||
| 100 | _aFlanagan, Joseph | ||
| 245 | _aQuest for self-knowledge | ||
| 245 | _ban essay in Lonergan's philosophy | ||
| 260 | _aToronto | ||
| 260 | _bUniversity of Toronto Press | ||
| 260 | _C1997 | ||
| 300 | _a292p. | ||
| 300 | _b 24 cm. | ||
| 440 | _aLonergan Studies | ||
| 650 | _aPHILOSOPHY | ||
| 942 | 0 | 0 | _010 |
| 999 |
_c11403 _d11403 |
||